Obálka Náhled e-knihy:
Epub
Pro půjčování e-knih musíte být přihlášeni.
Jak si půjčit online?

Poems /

Poetry is a window to the soul of the writer. In this collection of the poems of W. B. Yeats, the reader gets an insight into how Yeats' personality, priorities and style evolved throughout his life. And it's an incredibly fascinating journey. In this collection of 40 of his works, he writ...

Celý popis

Uloženo v:
Hlavní autor: Yeats, William Butler (Autor)
Médium: E-kniha
Jazyk:Czech
Vydáno: Praha : Saga Egmont, 2024
Tagy:
Žádné tagy
LEADER 01965nam a22002297i 4500
001 312225
007 ta
008 260601s2024 xr ||||| |||| 00| 0 cze d
020 |a 9990003946416 
044 |a xr 
100 1 |a  Yeats, William Butler  |4 aut 
245 1 0 |a Poems /  |c  Yeats, William Butler 
264 1 |a Praha :  |b Saga Egmont,  |c 2024 
300 |a 1 online zdroj (128 stran) 
336 |a text  |b txt  |2 rdacontent 
337 |a bez média  |b n  |2 rdamedia 
338 |a online zdroj  |b cr  |2 rdacarrier 
520 2 |a Poetry is a window to the soul of the writer. In this collection of the poems of W. B. Yeats, the reader gets an insight into how Yeats' personality, priorities and style evolved throughout his life. And it's an incredibly fascinating journey. In this collection of 40 of his works, he writes about Irish legends and the occult, including the beautiful, haunting 'When You are Old' and 'The Lake Isle of Innisfree'. Later poems are less lyrical and more political and realistic, including 'Parnell's Funeral'. This collection of perfect poems is great for fans of Lord Byron and Percy Bysshe Shelley. William Butler Yeats (1865-1939) was an Irish poet, dramatist and writer. A driving force behind the Irish Literary Revival, he also served two terms as a Senator of the Irish Free State. Fellow poet W. H. Auden credited Yeats with having written "some of the most beautiful poetry" of modern times. Many of his early poems featured Irish legends and the occult, while his later verse was more politicised and realistic. He was awarded the Nobel Prize for Literature in 1923. 
910 |a RBIT002 
998 |d 394641  |a https://core.palmknihy.cz/api/books/394641/cover?s6sfgz  |b https://core.palmknihy.cz/api/books/394641/cover/400?s6sfgz  |c https://core.palmknihy.cz/api/books/394641/cover/50?s6sfgz  |e   |g 128  |i 9990003946416  |j https://core.palmknihy.cz/api/books/394641/preview.epub  |l   |q 49  |r 1  |s https://www.palmknihy.cz/kniha/394641  |t ebook  |y 2024  |z 1 
999 |d 312223